Personnages historiques au cinéma par images #2 - Statistiques

Statistiques générales
  • Ce quiz a été pris 1 652 fois
  • Le résultat moyen est 11 sur 16
Statistiques - réponses
Par images Hint Réponse % Correct
Morgan Freeman Nelson Mandela
95%
Marion Cotillard Edith Piaf
91%
Ana de Armas Marilyn Monroe
90%
Rami Malek Freddie Mercury
89%
Will Smith Mohamed Ali
88%
Lambert Wilson Charles de Gaulle
87%
Ingrid Bergman Jeanne d'Arc
85%
Cillian Murphy Robert Oppenheimer
80%
Gary Oldman Winston Churchill
80%
Omar Sharif Che Guevara
79%
Pierre Niney Yves Saint-Laurent
71%
Meryl Streep Margaret Thatcher
63%
Nathalie Portman Jacquie Kennedy
51%
Liam Neeson Oskar Schindler
43%
Nicole Kidman Grace Kelly
23%
Laurent Lafitte Molière
22%
Aucun quiz correspondant
Distribution des résultats
% des personnes avec chaque résultat
Percentile par nombre de réponses
Votre historique - résultats
Vous n’avez pas pris ce quiz